Michel Foucault.
Guardado en:
| Formato: | |
|---|---|
| Materias: | |
| Etiquetas: |
Agregar Etiqueta
Sin Etiquetas, Sea el primero en etiquetar este registro!
|
| LEADER | 00739ngm a22002175g 4500 | ||
|---|---|---|---|
| 001 | CEM.cems022887 | ||
| 008 | 130507b2008##################0###0#####d | ||
| 005 | 20241125211711.0 | ||
| 245 | 0 | 0 | |a Michel Foucault. |
| 300 | |a 28'. | ||
| 500 | |a En soporte VHS, consultar en ventanilla. | ||
| 505 | 0 | |a Michel Foucault: su vida y obra. Reflexiones sobre el poder, la sexualidad, el discurso y la ética. | |
| 538 | |a Soporte: VHS - Norma: Pal N - Color: Si - Grabación DRD 2008 - Hitachi=3770 | ||
| 082 | 3 | 0 | |/ LOG |
| 653 | |a FILOSOFIA | ||
| 653 | |a CONOCIMIENTO | ||
| 653 | |a PENSAMIENTO | ||
| 653 | |a FOUCAULT | ||
| 653 | |a NIVEL PRIMARIO | ||
| 653 | |a NIVEL SECUNDARIO | ||
| 859 | |a CEMS |b BIB. CEMS - Depto. Recursos Didacticos |h 301 |i LOG |k DRD |p 1530.12 |t Ej.1 | ||
